000 00842nam a22002057a 4500
005 20210325191223.0
008 s2524 th tha d
041 _atha
090 _aว KS54 น724ผ 2524
100 0 _aนุชทิพย์ บรรจงศิลป์
245 1 0 _aผลของการหย่าโดยคำพิพากษาของศาล
260 3 _a[กรุงเทพฯ] :
_bมหาวิทยาลัยธรรมศาสตร์,
_c2524
300 _a161 หน้า ;
_b 34 ซม.
650 0 4 _aกฎหมายแพ่งและพาณิชย์ -- การหย่า -- วิจัย
650 0 4 _aการหย่า -- วิจัย
850 _aNALT
942 _cRSH
997 _c000000000027779
_kVC
998 _aNISA LUANGTONGKUM
999 _c27779
_d27779